IFM Opac

BLUNDERS IN INTERNATIONAL BUSINESS (Record no. 20497)

MARC details
000 -LEADER
fixed length control field 00347nam a22001457a 4500
020 ## - INTERNATIONAL STANDARD BOOK NUMBER
International Standard Book Number 0631217762
082 ## - DEWEY DECIMAL CLASSIFICATION NUMBER
Classification number 382RIC
100 ## - MAIN ENTRY--PERSONAL NAME
Personal name RICKS,D.A
245 ## - TITLE STATEMENT
Title BLUNDERS IN INTERNATIONAL BUSINESS
250 ## - EDITION STATEMENT
Edition statement 3RD ED.
260 ## - PUBLICATION, DISTRIBUTION, ETC.
Place of publication, distribution, etc. BRITAIN
Name of publisher, distributor, etc. BLACKWELL PUBLISHER INC.
Date of publication, distribution, etc. 1999
300 ## - PHYSICAL DESCRIPTION
Extent IX,172p
Other physical details ill;20cm
500 ## - GENERAL NOTE
General note including index
942 ## - ADDED ENTRY ELEMENTS (KOHA)
Koha item type Books

No items available.